Premier League Managers Signings at Current Clubs - Statistics

General Stats
  • This quiz has been taken 15 times
  • The average score is 69 of 369
Answer Stats
Manager Club Signed From Fee/Loan Signing % Correct
Mikel Arteta Arsenal West Ham United in 2023 £100M Declan Rice
92%
Man City in 2022 £45M Gabriel Jesus
75%
Palmeiras in 2017 £27M Gabriel Jesus
75%
Ajax in 2023 £34M Jurrien Timber
75%
Real Madrid in 2021 £29M Martin Odegaard
75%
Real Madrid in 2021 Loan Martin Odegaard
75%
Manchester City in 2022 £30M Oleksandr Zinchenko
75%
Ufa in 2016 £1.9M Oleksandr Zinchenko
75%
Chelsea in 2024 Loan Raheem Sterling
75%
Atletico Madrid in 2020 £45M Thomas Partey
75%
Brighton in 2021 £50M Ben White
67%
Bologna in 2024 £33.6M Riccardo Calafiori
67%
Borussia Dortmund in 2022 £51.2M Erling Haaland
58%
Pep Guardiola Man City Aston Villa in 2021 £100M Jack Grealish
58%
Chelsea in 2023 £65M Kai Havertz
58%
Brighton in 2023 £20M Leandro Trossard
58%
Benfica in 2020 £61.64M Ruben Dias
58%
Sheffield United in 2021 £23.9M Aaron Ramsdale
50%
Blackburn Rovers £2M Ashley Phillips
50%
Monaco in 2017 £52M Benjamin Mendy
50%
Monaco in 2017 £43.5M Bernardo Silva
50%
Brentford in 2024 £27M David Raya
50%
Brentford in 2022 Loan-£2.9M David Raya
50%
Blackburn in 2019 £3M David Raya
50%
FC Porto in 2022 £29.9M Fabio Vieira
50%
Everton in 2016 £47.5M John Stones
50%
Vitoria Guimaraes in 2024 £5.9M Jota Silva
50%
Man City in 2024 Loan Kalvin Phillips
50%
Leeds in 2022 £42M Kalvin Phillips
50%
Tottenham in 2017 £45M Kyle Walker
50%
Real Sociedad in 2024 £31.6M Mikel Merino
50%
Bournemouth in 2024 Loan Neto
50%
Enzo Maresca Chelsea Wolves in 2024 £51.3M Pedro Neto
50%
Leicester in 2018 £60M Riyad Mahrez
50%
Atletico Madrid in 2019 £62.6M Rodri
50%
Eddie Howe Newcastle Real Sociedad in 2022 £63M Alexander Isak
42%
Unai Emery Aston Villa Everton in 2024 £50M Amadou Onana
42%
Everton in 2023 £40M Anthony Gordon
42%
Athletic Club in 2018 £57M Aymeric Laporte
42%
West Ham in 2024 Free Ben Johnson
42%
Nottingham Forest in 2023 £47.5M Brennan Johnson
42%
Benfica in 2017 £35M Ederson
42%
Marco Silva Fulham: Arsenal in 2024 £27M Emile Smith-Rowe
42%
Valencia in 2020 £20.8M Ferran Torres
42%
Gremio in 2024 £10.2M Gustavo Nunes
42%
Borussia Dortmund in 2016 £20M Ilkay Gundogan
42%
Barcelona in 2024 Free Ilkay Gundogan
42%
Stade Rennais in 2023 £55M Jeremy Doku
42%
Juventus in 2019 £60M Joao Cancelo
42%
Chelsea in 2023 £12M Jorginho
42%
RB Leipzig in 2023 £77M Josko Gvardiol
42%
Atletico Madrid in 2022 £12M Kieran Trippier
42%
FC Schalke 04 in 2016 £37M Leroy Sane
42%
Borussia Dortmund in 2022 £15M Manuel Akanji
42%
Paris Saint-Germain in 2025 Loan Marco Asensio
42%
Manchester United in 2025 Loan Marcus Rashford
42%
Wolves in 2023 £53M Matheus Nunes
42%
Bournemouth in 2020 £41M Nathan Ake
42%
Eintracht Frankfurt in 2025 £59M Omar Marmoush
42%
Villareal in 2023 £31.5M Pau Torres
42%
Lens in 2025 £34.2M Abdukodir Khusanov
33%
Real Betis in 2023 £11.5M Alex Moreno
33%
Aston Villa in 2024 Loan Alex Moreno
33%
Miami in 2025 £14M Diego Gomez
33%
Ange Postecoglou Spurs Bournemouth in 2024 £55M Dominic Solanke
33%
Chelsea in 2024 £37.5M Ian Maatsen
33%
Leicester City in 2023 £40M James Maddison
33%
River Plate in 2022 £14M Julian Alvarez
33%
Chelsea in 2024 Loan Kepa Arrizabalaga
33%
Atletico Nacional in 2016 £4.7M Marlos Moreno
33%
Sao Paulo in 2022 £2.9M Marquinhos
33%
VfL Wolfsburg in 2023 £42.8M Micky Van De Ven
33%
Bayer Leverkusen in 2023 £51.9M Moussa Diaby
33%
Burnley in 2022 £10M Nick Pope
33%
FC Porto in 2025 £50M Nico Gonzalez
33%
Milan in 2023 £59.9M Sandro Tonali
33%
RSC Anderlecht in 2022 £12.8M Sergio Gomez
33%
Palmeiras in 2025 £29.6M Vitor Reis
33%
Chelsea in 2020 Free Willian
33%
Corinthians in 2022 Free Willian
33%
Free Agent Free Agent Willian
33%
Leicester City in 2023 Free Youri Tielemans
33%
RSC Anderlecht in 2021 £17.2M Albert Sambi Lokonga
25%
Everton in 2023 £21.9M Alex Iwobi
25%
Manchester United in 2022 £10M Andreas Pereira
25%
Levante in 2025 £6M Andres Garcia
25%
Chelsea in 2025 Loan-£5M Axel Disasi
25%
Chelsea in 2024 Loan Ben Chilwell
25%
Arsenal in 2022 £8M Bernd Leno
25%
Leicester in 2023 £38M Bruno Guimaraes
25%
Benfica in 2022 £6.8M Carlos Vinicius
25%
River Plate in 2024 £12.5M Claudio Echeverri
25%
Real Madrid in 2017 £26.5M Danilo
25%
Burnley in 2024 £12.1M Dara O'Shea
25%
Borussia Dortmund in 2025 £21M Donyell Malen
25%
Vasco Da Gama in 2017 £10.2M Douglas Luiz
25%
Oliver Glasner Crystal Palace Arsenal in 2024 £25M Eddie Nketiah
25%
Nuno Espirito Santo Nottingham Forest Newcastle United in 2024 £35M Elliot Anderson
25%
Andoni Iraola Bournemouth FC Porto in 2024 £40.2M Evanilson
25%
Valencia in 2024 (Joins in 2025) £25.8M Giorgi Mamardashvili
25%
Liverpool in 2021 £11.9M Harry Wilson
25%
Olympique Marseille in 2024 £12.8M Ismaila Sarr
25%
Peterborough in 2020 £5M Ivan Toney
25%
Spezia Calcio in 2023 £16.6M Jakub Kiwior
25%
Chicago in 2023 £14.75M Jhon Duran
25%
Atletico Madrid in 2024 £42M Joao Felix
25%
Hull City in 2022 £16.2M Keane Lewis-Potter
25%
Leicester in 2024 £30M Kiernan Dewsbury-Hall
25%
Celtic in 2021 £13.4M Kristoffer Ajer
25%
Leeds in 2022 £1M Leif Davis
25%
Chelsea in 2023 Loan Lewis Hal
25%
Chelsea in 2024 £28M Lewis Hall
25%
Chelsea in 2023 £25M Mateo Kovacic
25%
Watford in 2021 Free Nathaniel Chalobah
25%
Ruben Amorim Man United Lecce in 2025 £25M Patrick Dorgu
25%
Girona in 2019 £10.2M Pedro Porro
25%
Sporting CP in 2023 £34.2M Pedro Porro
25%
Luton in 2024 £5M Ross Barkley
25%
Liverpool in 2024 £20.1M Sepp Van Den Berg
25%
Southampton in 2023 £32M Tino Livramento
25%
Chelsea in 2024 Loan Trevor Chalobah
25%
Leeds United in 2023 £23M Tyler Adams
25%
Columbus Crew in 2019 £5.8M Zack Steffen
25%
Bologna in 2022 £12.1M Aaron Hickey
17%
West Brom in 2025 £2M Alex Palmer
17%
SD Huesca in 2021 Loan-£850,000 Alvaro Fernandez
17%
Leeds United in 2024 £40M Archie Gray
17%
Colorado in 2022 £1.5M Auston Trusty
17%
Burnley in 2022 Free Ben Mee
17%
1. FSV Mainz 04 in 2024 £27M Brajan Gruda
17%
Man United in 2023 Loan Brandon Williams
17%
Troyes in 2019 £5.8M Bryan Mbeumo
17%
Sheffield United in 2024 £14.2M Cameron Archer
17%
Southampton in 2020 Free Cedric Soares
17%
Southampton in 2020 Loan Cedric Soares
17%
Arsenal in 2023 Loan Cedric Soares
17%
Fiorentina in 2019 £2.8M Christian Norgaard
17%
Burnley in 2022 £25M Chris Wood
17%
Lazio in 2024 Free Daichi Kamada
17%
Brighton in 2022 £13M Dan Burn
17%
Juventus in 2023 £25.7M Dejan Kulusevski
17%
Getafe in 2024 £14.1M Enes Unal
17%
Getafe in 2024 Loan Enes Unal
17%
Graham Potter West Ham Brighton in 2025 Loan Evan Ferguson
17%
Liverpool in 2024 £19.9M Fabio Carvalho
17%
Arne Slot Liverpool Juventus in 2024 £10M Federico Chiesa
17%
Fenerbahce in 2024 £25M Ferdi Kadioglu
17%
Villareal in 2024 £20M Filip Jorgensen
17%
Milan in 2023 Loan Fode Ballo-Toure
17%
Fabian Hurzeler Brighton Leeds in 2024 £40M Georginio Rutter
17%
Olympique Lyonnais in 2022 £40M Harvey Barnes
17%
Thomas Frank Brentford Club Brugge in 2024 £30M Igor Thiago
17%
Hull City in 2024 £18.3M Jacob Greaves
17%
Hull City in 2024 £13M Jaden Philogene
17%
Kieran McKenna Ipswich Aston Villa in 2025 £20M Jaden Philogene
17%
Manchester United in 2024 Loan Jadon Sancho
17%
West Ham United Loan James Ward-Prowse
17%
Crystal Palace in 2024 £30M Joachim Andersen
17%
Barcelona in 2024 £8.5M Julian Araujo
17%
AS Roma in 2023 £9.4M Justin Kluivert
17%
SC Freiburg in 2023 £22M Kevin Schade
17%
SC Freiburg in 2023 Loan-£850,000 Kevin Schade
17%
Man City U21 in 2024 £20M Liam Delap
17%
Bournemouth in 2024 Free Lloyd Kelly
17%
Barcelona in 2024 £5.1M Marc Guiu
17%
SC Freiburg in 2023 £11M Mark Flekken
17%
Celta Vigo in 2019 £3.5M Mathias Jensen
17%
Feyenoord in 2024 £25.7M Mats Wieffer
17%
Brighton in 2021 Loan Matthew Ryan
17%
Celtic in 2024 £25M Matt O'Riley
17%
Aston Villa in 2022 £15M Matt Targett
17%
Aston Villa in 2022 Loan Matt Targett
17%
New England in 2022 £4.5M Matt Turner
17%
Nottingham Forest in 2024 Loan Matt Turner
17%
Norwich City in 2023 £7M Max Aarons
17%
VfL Wolfsburg in 2024 £15.4M Maxence Lacroix
17%
Velez Sarsfield in 2023 £9.4M Maximo Perrone
17%
Sampdoria in 2022 £12.8M Mikkel Damsgaard
17%
AZ Alkmaar in 2023 £15.2M Milos Kerkez
17%
Middlesbrough in 2024 £8M Morgan Rogers
17%
Wolves in 2023 £23M Nathan Collins
17%
Liverpool in 2022 Loan Neco Williams
17%
Celta Vigo in 2016 £13.8M Nolito
17%
Chelsea in 2024 £20M Omari Hutchinson
17%
Chelsea in 2023 Loan-£853,000 Omari Hutchinson
17%
Leeds in 2019 £5.5M Pontus Jansson
17%
Arsenal in 2024 Loan Reiss Nelson
17%
FC Basel in 2024 £12M Renato Veiga
17%
Flamengo in 2021 £6.8M Rodrigo Muniz
17%
Blackburn in 2024 £9M Sammie Szmodics
17%
Burnley in 2024 £20M Sander Berge
17%
Troyes in 2024 £30.8M Savinho
17%
Arminia Bielefeld in 2022 Free Stefan Ortega
17%
LOSC Lille in 2022 £34.2M Sven Botman
17%
Leicester in 2023 £15M Timothy Castagne
17%
RB Leipzig Loan Timo Werner
17%
Fulham in 2024 Free Tosin Adarabioyo
17%
VfL Bochum in 2020 £500,000 Vitaly Janelt
17%
Newcastle in 2024 £30M Yankuba Minteh
17%
Odense BK in 2023 £5.9M Yankuba Minteh
17%
FC Lorient in 2021 £8.5M Yoane Wissa
17%
Wolves in 2023 Free Adam Traore
8%
Rosario Central in 2023 £13M Alejo Veliz
8%
Bristol City in 2023 £25M Alex Scott
8%
Inter in 2023 Loan Andrei Radu
8%
Slavia Prague in 2025 £12.5M Antonin Kinsky
8%
Burnley in 2024 £8.1M Arijanet Muric
8%
Free Agent in 2023 Free Agent Axel Tuanzebe
8%
Arsenal U21 in 2025 £1.5M Ayden Heaven
8%
Ajax in 2023 £17.9M Calvin Bassey
8%
David Moyes Everton Flamengo in 2025 Loan Carlos Alcaraz
8%
Corinthians in 2024 £3.4M Carlos Miguel
8%
Real Betis in 2024 £14M Chadi Riad
8%
Luton in 2024 £8M Chiedozie Ogbene
8%
Brighton in 2022 Undisclosed Christian Walton
8%
Barcelona in 2016 £17M Claudio Bravo
8%
Barcelona in 2023 Loan Clement Lenglet
8%
Leeds in 2022 Loan Daniel James
8%
Sheffield United in 2024 Free Daniel Jebbison
8%
Juventus in 2024 £13M Dean Huijsen
8%
Arsenal U23 in 2019 £3M Dominic Thompson
8%
Brentford in 2022 Loan Dominic Thompson
8%
Derby County in 2025 £9.2M Eiran Cashin
8%
Vitor Pereira Wolves Stade de Reims in 2025 £16.6M Emmanuel Agbadou
8%
FC Midtjylland in 2021 £8.5M Frank Onyeka
8%
Maldonado in 2016 £4M Geronimo Rulli
8%
Borussia Dortmund in 2024 Loan Giovanni Reyna
8%
FC Empoli in 2023 £15.8M Guglielmo Vicario
8%
Sassuolo in 2023 £21.9M Hamed Junior Traore
8%
Arsenal U21 in 2023 Undisclosed Harry Clarke
8%
West Ham in 2022 £15.2M Issa Diop
8%
Sunderland in 2024 £15M Jack Clarke
8%
Napoli in 2024 Loan-£1.2M Jens Cajuste
8%
Sporting CP in 2022 £20M Joao Palhinha
8%
Birmingham in 2024 Free John Ruddy
8%
Villareal in 2024 £5.7M Jorge Cuenca
8%
Brighton in 2025 Loan Julio Enciso
8%
Paris Saint Germain Loan Layvin Kurzawa
8%
Everton in 2024 £10M Lewis Dobbin
8%
Free Agent in 2022 Free Agent Loris Karius
8%
Djurgarden in 2024 £8.5M Lucas Bergvall
8%
Leeds United in 2024 £20M Luis Sinisterra
8%
Leeds United in 2023 Loan Luis Sinisterra
8%
FC Copenhagen in 2019 £51,000 Mads Roerslev
8%
Shakhtar Donetsk Loan Manor Solomon
8%
Shakhtar Donetsk Free Manor Solomon
8%
Stade de Reims in 2025 £15.4M Marshall Munetsi
8%
Middlesbrough in 2023 Free Massimo Luongo
8%
Strasbourg in 2024 £6.8M Matz Sels
8%
KRC Genk in 2024 £17.2M Mike Penders
8%
Benfica in 2024 £12.6M Morato
8%
Everton in 2023 £1.5M Nathan Broadhead
8%
Everton in 2023 Loan Neal Maupay
8%
Galatasaray in 2023 Loan-£4.2M Nicolo Zaniolo
8%
Fiorentina in 2024 £12M Nikola Milenkovic
8%
Benfica in 2021 £8M Nuno Tavares
8%
Nottingham Forest in 2024 £20M Odysseas Vlachodimos
8%
Aston Villa U21 in 2024 £19M Omari Kellyman
8%
Flamengo in 2020 £6.8M Pablo Mari
8%
Flamengo in 2020 £5.1M Pablo Mari
8%
Gymnastic in 2016 £170,000 Pablo Mari
8%
Genoa in 2024 £21.5M Radu Dragusin
8%
CA Talleres in 2024 £10.2M Ramon Sosa
8%
Wolves in 2023 £5.5M Raul Jimenez
8%
Millwall in 2025 £12M Romain Esse
8%
Olympique Lyonnais in 2023 £12.8M Romain Faivre
8%
Tottenham in 2024 Free Ryan Sessegnon
8%
Amiens in 2020 Loan Saman Ghoddos
8%
Amiens in 2021 Undisclosed Saman Ghoddos
8%
Juventus in 2024 £12M Samuel Iling-Junior
8%
Torino in 2023 £8.3M Sasa Lukic
8%
Derby in 2019 Loan Scott Carson
8%
Derby in 2021 Free Scott Carson
8%
Brighton in 2022 Loan Shane Duffy
8%
Brighton in 2023 Undisclosed Shane Duffy
8%
Bologna in 2021 £16M Takehiro Tomiyasu
8%
Sheffield United in 2024 £10M William Osula
8%
Burnley in 2024 £25.1M Wilson Odobert
8%
West Ham in 2021 Loan Winston Reid
8%
Coritiba FC in 2020 £5.1M Yan Couto
8%
Fenerbahce in 2021 Free Zanka
8%
Boca Juniors in 2024 £15.6M Aaron Anselmino
0%
Melbourne City in 2016 Free Aaron Mooy
0%
Wellington in 2024 £1.2M Alex Paulsen
0%
Dijon in 2020 £1.7M Alex Runarsson
0%
AFC Wimbledon in 2024 £998,000 Ali Al-Hamadi
0%
Arsenal U21 in 2024 Free Amario Cozier-Duberry
0%
PSV in 2019 £10.2M Angelino
0%
Hajduk Split in 2019 £5.3M Ante Palaversa
0%
Chelsea in 2024 Loan Armando Broja
0%
Atalanta in 2025 Loan Ben Godfrey
0%
Atlanta in 2024 £8.5M Caleb Wiley
0%
Northampton in 2020 £1M Charlie Goode
0%
Free Agent in 2022 Free Agent Christian Eriksen
0%
Man City U21 in 2023 Undisclosed Cieran Slicker
0%
West Brom in 2024 £500,000 Conor Townsend
0%
Tottenham in 2023 Loan Dane Scarlett
0%
Melbourne City in 2018 £760,000 Daniel Arzani
0%
FC Porto in 2024 £9.4M David Carmo
0%
Gremio U20 in 2021 £5.1M Diego Rosa
0%
Watford in 2021 Loan Domingos Quina
0%
QPR in 2022 Free Dominic Ball
0%
Southend United in 2019 Undisclosed Dru Yearwood
0%
FC Lorient in 2025 £11.1M Eli Junior Kroupi
0%
Juventus in 2024 £6.8M Enzo Barrenechea
0%
FC St. Pauli in 2024 £1.2M Eric Da Silva Moreira
0%
Barnsley in 2019 £3M Ethan Pinnock
0%
Rotherham in 2022 Free Freddie Ladapo
0%
LOSC Lille in 2020 £27M Gabriel Maghalaes
0%
Burton in 2022 Undisclosed Gassan Ahadme
0%
Leicetser in 2023 £1.4M George Hirst
0%
Leicester in 2023 Loan George Hirst
0%
Morecambe in 2022 Free Greg Leigh
0%
Elfsborg in 2024 £2.6M Hakon Rafn Valdimarsson
0%
Sparta Rotterdam in 2020 £2.5M Halil Dervisoglu
0%
West Ham U21 in 2023 £3M Harrison Ashby
0%
North Zealand in 2024 £16M Ibrahim Osman
0%
KV Mechelen in 2020 £3.8M Issa Kabore
0%
New York City in 2018 £3.4M Jack Harrison
0%
Peterborough in 2023 £1.4M Jack Taylor
0%
Southampton U21 in 2024 £5M Jayden Meghoma
0%
Brighton in 2024 Loan Jeremy Sarmiento
0%
Adelaide United in 2024 Loan£1.29M Joe Gauci
0%
Free Agent in 2022 Free Agent Joel Coleman
0%
Piast Gliwice in 2019 £1.8M Joel Valencia
0%
FC Midtjylland in 2022 Loan Jonas Lossl
0%
Lanus in 2025 £6.6M Julio Soler
0%
Real Valladolid in 2025 £5.1M Juma Bah
0%
Lens Loan Kevin Danso
0%
VfL Wolfsburg in 2022 £4.6M Kevin Mbabu
0%
Bournemouth in 2024 Loan Kieffer Moore
0%
Kawasaki front. in 2019 £940,000 Ko Itakura
0%
Red Star Belgrade in 2024 £8M Kosta Nedeljkovic
0%
Blackburn in 2024 Loan Lewis Travis
0%
Red Star Belgrade in 2017 £2.1M Luka Ilic
0%
IFK Gothenburg in 2024 £6M Malick Yalcouye
0%
Portsmouth in 2022 £750,000 Marcus Harness
0%
Red Star Belgrade in 2024 £4.7M Marko Stamenic
0%
DC United in 2025 £850,000 Matai Akinmboni
0%
Saint-Etienne in 2025 £12.9M Mathis Amougou
0%
Bayern Munich Loan- £8.5M Mathys Tel
0%
Fiorentina in 2025 Loan- Michael Kayode
0%
Gangwon FC £3.4M Min- hyeok Yang
0%
Chelsea U23 in 2021 £1.4M Myles Peart-Harris
0%
CA Talleres in 2020 £5.5M Nahuel Bustos
0%
Red Star Belgrade in 2025 £10.3M Nasser Djiga
0%
Hemel in 2022 Undisclosed Nick Hayes
0%
KRC Genk in 2019 Free Nikolaos Karelis
0%
Austria Vienna in 2017 £3.2M Olarenwaju Kayode
0%
Plymouth in 2022 £500,000 Panutche Camara
0%
Tottenham in 2021 Free Paulo Gazzaniga
0%
PEC Zwolle in 2018 £2.1M Philippe Sandler
0%
Blackpool in 2022 Undisclosed Richard Keogh
0%
Sporting CP in 2024 Loan Rodrigo Ribeiro
0%
Gamba Osaka in 2019 £854,000 Ryotaro Meshino
0%
Tottenham in 2024 Loan Sergio Reguilon
0%
Oxford United in 2020 £2.25M Shandon Baptiste
0%
Cukaricki in 2020 £2.5M Slobodan Tedic
0%
1.FC Nuremburg in 2025 £21.4M Stefanos Tzimas
0%
Swansea in 2023 £743K Steven Benda
0%
Oxford United in 2020 £640,000 Tarique Fosu
0%
Lazio in 2022 Free Thomas Strakosha
0%
Reading in 2025 Undisclosed Tyler Bindon
0%
Arsenal U21 in 2022 Loan Tyreece John-Jules
0%
Bristol City in 2022 Loan Tyreeq Bakinson
0%
Free Agent Free Agent Wayne Hennessey
0%
Ruud Van Nistelrooy Leicester Parma in 2025 £3M Woyo Coulibaly
0%
Atletico Venezuela in 2017 £854,000 Yangel Herrera
0%
Sivasspor in 2024 £3.8M Yunus Emre Konak
0%
No matching quizzes found
Score Distribution
Percent of People with Each Score
Percentile by Number Answered
Your Score History
You have not taken this quiz